| 000 | 01128nam0a22002771 4500 | ||
|---|---|---|---|
| 001 | rc\4844259 | ||
| 005 | 20130426142741.1 | ||
| 021 |
_aRU _b[58-7903] |
||
| 035 | _a(NLR Aleph) 008894827 | ||
| 090 |
_a8665441 _c8665441 |
||
| 100 | _a20130426d1957 |||y0rusy50 ca | ||
| 101 | 0 | _arus | |
| 102 | _aRU | ||
| 105 | _aa b ||||| | ||
| 200 | 1 |
_aТиповые колонные аппараты _eКаталог _fВсесоюз. науч.-исслед. и конструкторский ин-т хим. машиностроения НИИХиммаш |
|
| 210 |
_aМосква _cИнформ.-изд. отд. _d1957 |
||
| 215 |
_a60, XII с. _cил. _d26 |
||
| 300 | _aНа обороте тит. л. сост.: инж. А.М. Шуер | ||
| 606 |
_aРектификационные колонии _jКаталоги _2psbo |
||
| 702 | 1 |
_aШуер _bА. М. _4220 |
|
| 712 | 0 | 2 |
_aВсесоюзный науч.-исслед. и конструкт. ин-т хим. машиностроения _3RU\NLR\AUTH\889957369 |
| 801 | 0 |
_aRU _bNLR _gpsbo |
|
| 801 | 1 |
_aRU _bELAR _2rusmarc |
|
| 852 |
_aNLR _jПт 44-1/8 |
||
| 942 | _cBOOK | ||
| 980 | _aNB | ||